The norms of war : (Record no. 13859)

000 -LEADER
fixed length control field 01219cam a22003014a 4500
001 - CONTROL NUMBER
control field 13933885
005 - DATE AND TIME OF LATEST TRANSACTION
control field 20170105102841.0
008 - FIXED-LENGTH DATA ELEMENTS--GENERAL INFORMATION
fixed length control field 050418s2005 coua b 001 0 eng
010 ## - LIBRARY OF CONGRESS CONTROL NUMBER
LC control number 2005011001
020 ## - INTERNATIONAL STANDARD BOOK NUMBER
International Standard Book Number 1588263614 (hardcover : alk. paper)
040 ## - CATALOGING SOURCE
Original cataloging agency DLC
Transcribing agency DLC
Modifying agency DLC
042 ## - AUTHENTICATION CODE
Authentication code pcc
050 00 - LIBRARY OF CONGRESS CALL NUMBER
Classification number HM554
Item number .F37 2005
082 00 - DEWEY DECIMAL CLASSIFICATION NUMBER
Classification number 303.6/6
Edition number 22
100 1# - MAIN ENTRY--PERSONAL NAME
Personal name Farrell, Theo,
Dates associated with a name 1967-
245 14 - TITLE STATEMENT
Title The norms of war :
Remainder of title cultural beliefs and modern conflict /
Statement of responsibility, etc. by Theo Farrell.
260 ## - PUBLICATION, DISTRIBUTION, ETC.
Place of publication, distribution, etc. Boulder, Colo. :
Name of publisher, distributor, etc. L. Rienner Publishers,
Date of publication, distribution, etc. 2005.
300 ## - PHYSICAL DESCRIPTION
Extent xii, 225 p. :
Other physical details ill. ;
Dimensions 24 cm.
504 ## - BIBLIOGRAPHY, ETC. NOTE
Bibliography, etc. note Includes bibliographical references and index.
505 0# - FORMATTED CONTENTS NOTE
Formatted contents note The norms of war -- The modern military -- Mass industrialised war -- Nuclear war -- Humanitarian war -- The changing culture of war.
650 #0 - SUBJECT ADDED ENTRY--TOPICAL TERM
Topical term or geographic name entry element War and society.
650 #0 - SUBJECT ADDED ENTRY--TOPICAL TERM
Topical term or geographic name entry element War and civilization.
650 #0 - SUBJECT ADDED ENTRY--TOPICAL TERM
Topical term or geographic name entry element Conflict management.
856 41 - ELECTRONIC LOCATION AND ACCESS
Materials specified Table of contents
Uniform Resource Identifier <a href="http://www.loc.gov/catdir/toc/ecip0511/2005011001.html">http://www.loc.gov/catdir/toc/ecip0511/2005011001.html</a>
906 ## - LOCAL DATA ELEMENT F, LDF (RLIN)
a 7
b cbc
c orignew
d 1
e ecip
f 20
g y-gencatlg
942 ## - ADDED ENTRY ELEMENTS (KOHA)
Source of classification or shelving scheme
Koha item type Book
Holdings
Withdrawn status Lost status Damaged status Not for loan Collection code Permanent Location Current Location Shelving location Date acquired Total Checkouts Full call number Barcode Date last seen Price effective from Koha item type
          Centre for International Peace & Stability (CIPS) Centre for International Peace & Stability (CIPS) General Stacks 08/02/2013   303.66 FAR 2006 CIPS0000161 08/02/2013 08/02/2013 Book
© 2023 Central Library, National University of Sciences and Technology. All Rights Reserved.